| 000 | 01449nam a2200253 a 4500 | ||
|---|---|---|---|
| 005 | 20171107125833.0 | ||
| 008 | 170930s2005 ck ab gr 000 0 spa d | ||
| 020 | _a9589742718 | ||
| 040 |
_aCO-BoBLA _cCO-BoBLA _dCO-BoIAVH |
||
| 041 | 0 | _aspa | |
| 044 | _ack | ||
| 082 | 0 | 4 |
_a580.986126 _bE82c |
| 245 | 0 | 4 |
_aEstrategia para la conservación de plantas amenazadas en el Departamento de Antioquia / _cGobernación de Antioquia. Departamento Administrastivo del Medio Ambiente, Comité Interinstitucional de Flora y Fauna Silvestre de Antioquia, Área Metropolitana del Valle de AburrÁ [y otros]. |
| 260 |
_aMedellín : _bGobernación de Antioquia. Departamento Administrativo del Medio Ambiente : _bJardín Botánico de Medellín "Joaquín Antonio Uribe" : _bCorporación Autónoma Regional de los Ríos Negro y Nare, _c2005. |
||
| 300 |
_a60 páginas : _bilustraciones, mapas ; _c27 x 21 cm. |
||
| 504 | _aIncluye referencias bibliográficas: página 60. | ||
| 650 | 2 | 6 |
_aPlantas _xEspecies en peligro de extinción _zAntioquia (Departamento, Colombia) |
| 650 | 2 | 6 |
_aBosques _xConservación biológica _zAntioquia (Departamento, Colombia) |
| 650 | 2 | 6 |
_aPlantas _xEspecies _zAntioquia (Departamento, Colombia) |
| 650 | 2 | 6 |
_aPlantas _xTaxonomía _zAntioquia (Departamento, Colombia) |
| 700 | 1 |
_aRincón Henao, Hernán Darío _eeditor |
|
| 700 | 1 |
_aToro Murillo, Juan Lázaro _eeditor |
|
| 942 |
_2ddc _cLIBRO |
||
| 999 |
_c5264 _d5264 |
||